000
00265nam a22001097a 4500
082
_a
170/SHA
100
_a
Shastri, Satya Vrat
245
_a
Moral Values Indian Perspective Vol. II
260
_a
New Delhi
_b
Shivalik Prakashan
_c
2021
650
_a
Ethics
942
_c
BK
999
_c
68900
_d
68900